Thực trạng nhu cầu hoạt động tập thể của người già ở thị xã Uông Bí - Quảng Ninh

Cơ sở lý luận của vấn đề nghiên cứu: Nhu cầu và các vấn đề về nhu cầu. Cơ sở lý luận về hoạt động tập thể...Phương pháp và quy trình tổ chức nghiên cứu.Kết quả nghiên cứu.

Zapisane w:
Opis bibliograficzny
1. autor: Nguyễn, Thị Linh (Tác giả)
Kolejni autorzy: Tô Thị Quyên Th.S (Hướng dẫn), Nguyễn Thị Trâm Anh T.S (Hướng dẫn)
Format: Książka
Język:Vietnamese
Wydane: Đà Nẵng Đại học Đà Nẵng 2011
Hasła przedmiotowe:
Etykiety: Dodaj etykietę
Nie ma etykietki, Dołącz pierwszą etykiete!
Thư viện lưu trữ: Mạng thư viện Đại học Đà Nẵng
LEADER 01626nam a2200361 4500
001 000012241
003 8534
005 20120217080212.0
008 120217s2011 viesd
041 |a vie 
072 |a Khóa luận tốt nghiệp 
082 |a 152.3084  |b NG-L 
100 |a Nguyễn, Thị Linh  |e Tác giả 
245 |a Thực trạng nhu cầu hoạt động tập thể của người già ở thị xã Uông Bí - Quảng Ninh  |c Nguyễn Thị Linh 
260 |a Đà Nẵng  |b Đại học Đà Nẵng  |c 2011 
300 |a 51 tr.  |c 29 cm 
500 |a Khóa luận tốt nghiệp khoa Tâm lý - Giáo dục. Ngành: Cử nhân tâm lý học. Mã ngành 52310401 
520 |a Cơ sở lý luận của vấn đề nghiên cứu: Nhu cầu và các vấn đề về nhu cầu. Cơ sở lý luận về hoạt động tập thể...Phương pháp và quy trình tổ chức nghiên cứu.Kết quả nghiên cứu. 
653 |a Nhu cầu 
653 |a Người già 
653 |a Uông Bí - Quảng Ninh 
700 |a Tô Thị Quyên  |c Th.S  |e Hướng dẫn 
700 |a Nguyễn Thị Trâm Anh  |c T.S  |e Hướng dẫn 
OWN |a LSP 
AVA |a UDN50  |b LSP  |d 152.3084 NG-L  |e available  |t Error 5001 Not defined in file expand_doc_bib_avail.  |f 1  |g 0  |h N  |i 0  |k 1 
999 |a From the UDN01 
AVA |a UDN50  |b LSP  |d 152.3084 NG-L  |e available  |t Error 5001 Not defined in file expand_doc_bib_avail.  |f 1  |g 0  |h N  |i 0  |k 1 
TYP |a Monograph 
TYP |a Printed language 
980 |a Mạng thư viện Đại học Đà Nẵng